000 00655cam a22002293a 4500
001 25337
003 PGUSA
005 20140828083538.0
008 080505s2008||||xxu|||||s|||||000 | eng d
040 _aPGUSA
_beng
042 _adc
050 4 _aBF
100 1 _aAtkinson, William Walker,
_d1862-1932
245 1 0 _aGenuine Mediumship or The Invisible Powers
_h[electronic resource] /
_cWilliam Walker Atkinson
260 _bProject Gutenberg,
_c2008
506 _aPublic domain in the USA.
516 _aElectronic text
653 _aMediums
830 0 _aProject Gutenberg
_v25337
856 4 0 _uhttp://www.gutenberg.org/ebooks/25337
942 _cEB
999 _c254592
_d254592